000 00867cam a22002174a 4500
005 20250605164118.0
008 250528s ||||||||||||||||||||||||d
035 _a18176
020 _a134915496
040 _aGR-AtMCL
_bgre
_dGR-AtMCL
_eAACR2
245 1 _aIntroduction to Pascal / Third Edition
250 _a3rd
260 _bPrentice Hall,
_c1988
300 _a318
520 _aA comprehensive introduction to the Pascal programming language. Preface, Computers and Programming, Notations and Fundamental Concepts, Data Types and Declarations, Statements and Expressions and Assignments, Input and Output of Data, Basic Control Structures, Procedures and Functions, The Goto-Statement, Arrays, Records, Sets, Files, Pointers, Index.
700 1 _aElder John
_94461
700 1 _aWelsh Jim
_94462
942 _cBK
999 _c3556
_d3556